[Event "ZH-2021-0-01926"]
[Site "LSS email"]
[Date "2021.03.31"]
[Round "?"]
[White "Perevozchikov, Viacheslav"]
[Black "Zholob, Anatolij"]
[Result "1-0"]
[WhiteElo "2111"]
[BlackElo "2119"]
[PlyCount "81"]
[EventDate "2021.03.29"]
[EventType "match (corr)"]
[EventRounds "2"]
[EventCountry "GER"]
[SourceTitle "Corr 2024"]
[Source "ChessBase"]
[SourceDate "2023.10.19"]
[SourceVersion "1"]
[SourceVersionDate "2023.10.19"]
[SourceQuality "1"]

1. d4 d5 2. c4 e6 3. Nf3 Nf6 4. Nc3 Be7 5. cxd5 exd5 6. Bf4 c6 7. h3 Bf5 8. e3 Nbd7 9. g4 Be4 10. Rc1 Qb6 11. Nxe4 Nxe4 12. Bd3 Qxb2 13. 0-0 Nb6 14. h4 Qxa2 15. g5 Qa4 16. Qe2 Ba3 17. Rc2 Qb4 18. Ne5 Qe7 19. Qg4 Bb4 20. f3 Nd2 21. Rf2 Ndc4 22. Rce2 Bd6 23. g6 Nxe5 24. dxe5 Bxe5 25. gxf7+ Kd8 26. Bxe5 Qxe5 27. e4 d4 28. f4 Qf6 29. e5 Qxf7 30. f5 Nd5 31. Bc4 Re8 32. Qg5+ Re7 33. Rd2 b5 34. Bb3 Kc8 35. e6 Qf6 36. Bxd5 cxd5 37. Qg3 h6 38. Rc2+ Kb7 39. Qd6 a6 40. Rc6 Ra7 41. Rb6+ 1-0

[Event "RA-2021-0-00676"]
[Site "LSS email"]
[Date "2021.01.10"]
[Round "?"]
[White "Farnik, Kym"]
[Black "Perevozchikov, Viacheslav"]
[Result "1/2-1/2"]
[WhiteElo "2123"]
[BlackElo "2092"]
[PlyCount "70"]
[EventDate "2020.11.04"]
[EventType "tourn (corr)"]
[EventRounds "6"]
[EventCountry "GER"]
[SourceTitle "Corr 2022"]
[Source "ChessBase"]
[SourceDate "2021.10.24"]
[SourceVersion "1"]
[SourceVersionDate "2021.10.24"]
[SourceQuality "1"]

1. Nf3 d5 2. d4 Nf6 3. Bf4 c5 4. e3 Nc6 5. Nbd2 e6 6. c3 Bd6 7. Bg3 0-0 8. Bd3 b6 9. e4 Be7 10. e5 Nh5 11. Ng5 Bxg5 12. Qxh5 g6 13. Qe2 cxd4 14. h4 Be7 15. h5 dxc3 16. bxc3 d4 17. c4 Nb4 18. Be4 d3 19. Qg4 g5 20. 0-0 Rb8 21. h6 Kh8 22. a3 Na6 23. Nb3 Bb7 24. Rad1 Bxe4 25. Qxe4 Qc7 26. Rxd3 Rfd8 27. Rxd8+ Rxd8 28. Nd4 Nc5 29. Qg4 Qd7 30. Nb5 Qd3 31. Nxa7 Bf8 32. Qxg5 Ne4 33. Qh4 Nxg3 34. fxg3 Rd7 35. Qf6+ Kg8 1/2-1/2

[Event "RA-2021-0-00676"]
[Site "LSS email"]
[Date "2021.01.10"]
[Round "?"]
[White "Matugin, Sergei"]
[Black "Perevozchikov, Viacheslav"]
[Result "1/2-1/2"]
[WhiteElo "2027"]
[BlackElo "2092"]
[PlyCount "43"]
[EventDate "2020.11.04"]
[EventType "tourn (corr)"]
[EventRounds "6"]
[EventCountry "GER"]
[SourceTitle "Corr 2022"]
[Source "ChessBase"]
[SourceDate "2021.10.24"]
[SourceVersion "1"]
[SourceVersionDate "2021.10.24"]
[SourceQuality "1"]

1. e4 e6 2. d4 d5 3. e5 c5 4. c3 Nc6 5. Nf3 Qb6 6. a3 c4 7. Nbd2 Na5 8. Be2 Bd7 9. 0-0 Ne7 10. Rb1 h6 11. Re1 0-0-0 12. Nf1 Nb3 13. Be3 Nf5 14. N3d2 Nxe3 15. Nxe3 Ba4 16. Nxb3 Bxb3 17. Qd2 h5 18. Nf1 Kb8 19. Bd1 Be7 20. Bxb3 Qxb3 21. f4 Ka8 22. Qf2 1/2-1/2

[Event "RA-2021-0-00676"]
[Site "LSS email"]
[Date "2021.01.10"]
[Round "?"]
[White "Perevozchikov, Viacheslav"]
[Black "Hatsek, Werner"]
[Result "1/2-1/2"]
[WhiteElo "2092"]
[BlackElo "2047"]
[PlyCount "47"]
[EventDate "2020.11.04"]
[EventType "tourn (corr)"]
[EventRounds "6"]
[EventCountry "GER"]
[SourceTitle "Corr 2022"]
[Source "ChessBase"]
[SourceDate "2021.10.24"]
[SourceVersion "1"]
[SourceVersionDate "2021.10.24"]
[SourceQuality "1"]

1. d4 Nf6 2. c4 e6 3. Nf3 d5 4. g3 Bb4+ 5. Bd2 Be7 6. Bg2 Nbd7 7. 0-0 0-0 8. Qc2 c6 9. Bf4 b6 10. Rd1 Bb7 11. Nc3 dxc4 12. Nd2 Nd5 13. Nxc4 Nxf4 14. gxf4 Qc7 15. e3 Nf6 16. Ne5 c5 17. Ne4 Rad8 18. dxc5 Bxe4 19. Bxe4 Qxc5 20. Qxc5 Rxd1+ 21. Rxd1 Bxc5 22. Bb7 a5 23. a3 Rb8 24. Bf3 1/2-1/2

[Event "RA-2020-0-00662"]
[Site "LSS email"]
[Date "2020.06.06"]
[Round "?"]
[White "Morcin, Tom"]
[Black "Perevozchikov, Viacheslav"]
[Result "1/2-1/2"]
[WhiteElo "2119"]
[BlackElo "2043"]
[PlyCount "89"]
[EventDate "2020.02.28"]
[EventType "tourn (corr)"]
[EventRounds "6"]
[EventCountry "GER"]
[SourceTitle "Corr 2022"]
[Source "ChessBase"]
[SourceDate "2021.10.24"]
[SourceVersion "1"]
[SourceVersionDate "2021.10.24"]
[SourceQuality "1"]

1. e4 e6 2. d4 d5 3. Nc3 Be7 4. Nf3 Nf6 5. Bd3 c5 6. exd5 exd5 7. dxc5 0-0 8. a3 Bxc5 9. 0-0 a6 10. Bf4 Be6 11. h3 Nc6 12. Re1 Re8 13. b4 Bf8 14. Ng5 b5 15. Ne2 Bd7 16. Nf3 h6 17. c3 Ne4 18. Bc2 Be6 19. a4 Qf6 20. Ra3 Rad8 21. axb5 axb5 22. Nfd4 Bd7 23. Bxe4 dxe4 24. Ra6 Qh4 25. Qd2 Ne5 26. Bxe5 Rxe5 27. Ng3 Rde8 28. Nf1 Rd5 29. Re2 Rg5 30. Re3 Rge5 31. Qa2 Qg5 32. Rb6 h5 33. Rg3 Qd8 34. Rb7 Be6 35. Qa7 h4 36. Re3 Qg5 37. Rb8 Bc4 38. Nd2 R5e7 39. Rb7 Qh5 40. Nxc4 Qd1+ 41. Kh2 bxc4 42. Rxe7 Rxe7 43. Qa2 Qc1 44. Qc2 Qxc2 45. Nxc2 1/2-1/2

[Event "RA-2020-0-00662"]
[Site "LSS email"]
[Date "2020.06.06"]
[Round "?"]
[White "Perevozchikov, Viacheslav"]
[Black "Lombart, Philippe"]
[Result "1/2-1/2"]
[WhiteElo "2043"]
[BlackElo "2023"]
[PlyCount "65"]
[EventDate "2020.02.28"]
[EventType "tourn (corr)"]
[EventRounds "6"]
[EventCountry "GER"]
[SourceTitle "Corr 2022"]
[Source "ChessBase"]
[SourceDate "2021.10.24"]
[SourceVersion "1"]
[SourceVersionDate "2021.10.24"]
[SourceQuality "1"]

1. e4 e5 2. Nf3 Nc6 3. Bb5 a6 4. Ba4 Nf6 5. 0-0 Nxe4 6. d4 b5 7. Bb3 d5 8. dxe5 Be6 9. Nbd2 Bc5 10. Qe2 Nxd2 11. Bxd2 0-0 12. c3 Bg4 13. Rae1 Qd7 14. Qd3 Rad8 15. Nd4 Nxd4 16. cxd4 Be7 17. Rc1 f6 18. Bc2 g6 19. Bf4 fxe5 20. Bxe5 Bd6 21. Bb3 c6 22. f4 Rf7 23. h3 Be6 24. Bd1 Rdf8 25. Bf3 Bxe5 26. fxe5 Bf5 27. Qc3 Be4 28. Be2 Rxf1+ 29. Rxf1 Rxf1+ 30. Bxf1 h5 31. a3 Qc7 32. b4 Qd8 33. Qc1 1/2-1/2

[Event "LSS SA-2020-0-00724"]
[Site "LSS email"]
[Date "2020.06.03"]
[Round "?"]
[White "Lombart, Philippe"]
[Black "Perevozchikov, Viacheslav"]
[Result "1/2-1/2"]
[WhiteElo "2030"]
[BlackElo "2043"]
[PlyCount "72"]
[EventDate "2020.04.10"]
[EventType "tourn (corr)"]
[EventRounds "6"]
[EventCountry "GER"]
[SourceTitle "Corr 2024"]
[Source "ChessBase"]
[SourceDate "2023.10.19"]
[SourceVersion "1"]
[SourceVersionDate "2023.10.19"]
[SourceQuality "1"]

1. d4 e6 2. c4 Nf6 3. Nc3 Bb4 4. e3 0-0 5. Bd3 d5 6. Nge2 c5 7. 0-0 cxd4 8. exd4 dxc4 9. Bxc4 Nc6 10. a3 Bd6 11. h3 h6 12. Be3 Ne7 13. Bd3 b6 14. Rc1 Bb7 15. Qd2 Rc8 16. Nb5 Bb8 17. Rxc8 Qxc8 18. Bf4 Qd7 19. Bxb8 Rxb8 20. Qf4 Rd8 21. Nbc3 Kf8 22. Qh2 Nc6 23. Rd1 Qc8 24. Bb5 Ne7 25. Rc1 Qa8 26. Bd3 Ne8 27. Rd1 Nd6 28. Qg3 Ndf5 29. Qg4 Rd7 30. Bxf5 Nxf5 31. Nf4 Rxd4 32. Nxe6+ fxe6 33. Rxd4 Nxd4 34. Qxd4 Bxg2 35. Qd6+ Kf7 36. Qd7+ Kf6 1/2-1/2

[Event "LSS SA-2020-0-00724"]
[Site "LSS email"]
[Date "2020.06.03"]
[Round "?"]
[White "Perevozchikov, Viacheslav"]
[Black "Hoehne, Volkmar"]
[Result "1-0"]
[WhiteElo "2043"]
[BlackElo "2037"]
[PlyCount "77"]
[EventDate "2020.04.10"]
[EventType "tourn (corr)"]
[EventRounds "6"]
[EventCountry "GER"]
[SourceTitle "Corr 2024"]
[Source "ChessBase"]
[SourceDate "2023.10.19"]
[SourceVersion "1"]
[SourceVersionDate "2023.10.19"]
[SourceQuality "1"]

1. e4 e5 2. Nf3 Nc6 3. Bb5 a6 4. Ba4 Nf6 5. 0-0 Be7 6. Re1 b5 7. Bb3 d6 8. c3 0-0 9. h3 Na5 10. Bc2 c5 11. d4 Qc7 12. Nbd2 cxd4 13. cxd4 Nc6 14. a3 Bd7 15. d5 Na5 16. b3 Rfc8 17. Ra2 Nb7 18. b4 a5 19. Rb2 Nd8 20. Bd3 a4 21. Nb1 Qb7 22. Bg5 Kh8 23. Bd2 Ne8 24. g4 f6 25. Nc3 Nf7 26. Rc2 Rc7 27. Qe2 Rb8 28. Rec1 g6 29. Nh2 Kg8 30. Be3 Ng7 31. Nf1 Ng5 32. h4 Nh3+ 33. Kg2 Nf4+ 34. Bxf4 exf4 35. Qf3 g5 36. hxg5 fxg5 37. e5 dxe5 38. Qe4 Kf8 39. Qxh7 1-0

[Event "FICGS W-ch st2 g03 email"]
[Site "FICGS email"]
[Date "2011.04.03"]
[Round "1"]
[White "Perevozchikov, Viacheslav"]
[Black "Bernal Varela, Nelson"]
[Result "1-0"]
[WhiteElo "2145"]
[BlackElo "2103"]
[PlyCount "79"]
[EventDate "2011.??.??"]
[EventType "tourn (corr)"]
[EventRounds "6"]
[SourceTitle "Corr 2013"]
[Source "ChessBase"]
[SourceDate "2012.11.12"]
[SourceVersion "1"]
[SourceVersionDate "2012.11.12"]
[SourceQuality "1"]

1. d4 Nf6 2. c4 g6 3. Nf3 Bg7 4. Nc3 d5 5. Qb3 dxc4 6. Qxc4 0-0 7. e4 b6 8. e5 Be6 9. exf6 Bxc4 10. fxg7 Kxg7 11. Bxc4 c6 12. 0-0 b5 13. Bb3 Nd7 14. Re1 h6 15. Bf4 Nf6 16. h3 Rc8 17. a4 a5 18. Rad1 Qb6 19. axb5 Qb7 20. Ra1 Ra8 21. Re5 a4 22. Bxa4 Nd5 23. Nxd5 cxd5 24. Ree1 g5 25. Bd2 Rfc8 26. h4 gxh4 27. Nxh4 e6 28. Re3 Kg8 29. Rg3+ Kh7 30. Nf3 f6 31. Rh3 Rc4 32. b3 Rc2 33. Bxh6 Kg6 34. Bf4 Rd8 35. Rh6+ Kg7 36. Rxf6 Kxf6 37. Bg5+ Kg7 38. Bxd8 Qa8 39. Bh4 Qa7 40. Re1 1-0

[Event "FICGS W-ch st2 g03 email"]
[Site "FICGS email"]
[Date "2011.04.03"]
[Round "1"]
[White "Perevozchikov, Viacheslav"]
[Black "De Waele, Willy"]
[Result "1-0"]
[WhiteElo "2145"]
[BlackElo "1973"]
[PlyCount "89"]
[EventDate "2011.??.??"]
[EventType "tourn (corr)"]
[EventRounds "6"]
[SourceTitle "Corr 2013"]
[Source "ChessBase"]
[SourceDate "2012.11.12"]
[SourceVersion "1"]
[SourceVersionDate "2012.11.12"]
[SourceQuality "1"]

1. e4 c5 2. Nf3 d6 3. d4 cxd4 4. Nxd4 Nf6 5. Nc3 a6 6. Be3 e5 7. Nb3 Be6 8. f3 Be7 9. Qd2 0-0 10. 0-0-0 Nbd7 11. g4 b5 12. g5 b4 13. Ne2 Ne8 14. f4 a5 15. f5 a4 16. Nbd4 exd4 17. Nxd4 b3 18. Kb1 bxc2+ 19. Nxc2 Bb3 20. axb3 axb3 21. Na3 Ne5 22. h4 Ra4 23. Rh3 Rxe4 24. Bg2 Rg4 25. Bd4 Qd7 26. Qf2 Rxg2 27. Qxg2 Qxf5+ 28. Ka1 Qe6 29. Qg3 Nc7 30. Qxb3 Qg4 31. Rc3 Ne6 32. Bf2 Ng6 33. Ka2 Ngf4 34. Rc4 Qe2 35. Bg3 d5 36. Rxf4 Nxf4 37. Re1 Qg4 38. Rxe7 Ne2 39. Rxe2 Qxe2 40. Qxd5 Qg4 41. Be1 Re8 42. Bc3 Qxh4 43. b4 Qh5 44. b5 h6 45. b6 1-0

[Event "FICGS W-ch st2 g03 email"]
[Site "FICGS email"]
[Date "2011.04.03"]
[Round "1"]
[White "Schmid, Pablo"]
[Black "Perevozchikov, Viacheslav"]
[Result "1/2-1/2"]
[WhiteElo "2189"]
[BlackElo "2145"]
[PlyCount "28"]
[EventDate "2011.??.??"]
[EventType "tourn (corr)"]
[EventRounds "6"]
[SourceTitle "Corr 2013"]
[Source "ChessBase"]
[SourceDate "2012.11.12"]
[SourceVersion "1"]
[SourceVersionDate "2012.11.12"]
[SourceQuality "1"]

1. e4 c5 2. Nf3 d6 3. d4 cxd4 4. Nxd4 Nf6 5. Nc3 a6 6. Be3 e6 7. f3 b5 8. g4 b4 9. Nce2 e5 10. Nb3 h6 11. Ng3 Be6 12. Qd2 d5 13. exd5 Nxd5 14. Bc4 Nxe3 1/2-1/2

[Event "FICGS theme 0001 email"]
[Site "FICGS email"]
[Date "2010.09.18"]
[Round "1"]
[White "Perevozchikov, Viacheslav"]
[Black "Czekaj, Christophe"]
[Result "1-0"]
[WhiteElo "2031"]
[BlackElo "1592"]
[PlyCount "55"]
[EventDate "2010.??.??"]
[EventType "swiss (corr)"]
[EventRounds "1"]
[SourceTitle "Corr 2013"]
[Source "ChessBase"]
[SourceDate "2012.11.12"]
[SourceVersion "1"]
[SourceVersionDate "2012.11.12"]
[SourceQuality "1"]

1. e4 e5 2. Nf3 Nc6 3. Bb5 Nf6 4. 0-0 Nxe4 5. d4 Nd6 6. Bxc6 dxc6 7. dxe5 Nf5 8. Qxd8+ Kxd8 9. Rd1+ Ke8 10. Nc3 Be7 11. Ne2 Be6 12. Nf4 Bd7 13. b3 g5 14. Nh5 h6 15. g4 Nh4 16. Ng7+ Kd8 17. Nxh4 gxh4 18. Rd3 Kc8 19. h3 Rh7 20. Nf5 Bxf5 21. gxf5 b6 22. Be3 Kb7 23. Rad1 Rg8+ 24. Kf1 Rhg7 25. f6 Rg1+ 26. Ke2 Rxd1 27. Rxd1 Bb4 28. Rd7 1-0

[Event "FICGS theme 0001 email"]
[Site "FICGS email"]
[Date "2010.09.18"]
[Round "1"]
[White "Perevozchikov, Viacheslav"]
[Black "Denchev, Stanimir"]
[Result "1-0"]
[WhiteElo "2031"]
[BlackElo "1611"]
[PlyCount "37"]
[EventDate "2010.??.??"]
[EventType "swiss (corr)"]
[EventRounds "1"]
[SourceTitle "Corr 2013"]
[Source "ChessBase"]
[SourceDate "2012.11.12"]
[SourceVersion "1"]
[SourceVersionDate "2012.11.12"]
[SourceQuality "1"]

1. e4 c5 2. Nf3 e6 3. d4 cxd4 4. Nxd4 Bc5 5. Nb3 Bb6 6. Nc3 d6 7. Nb5 Bc7 8. Qg4 Kf8 9. Bg5 Nf6 10. Qf4 Na6 11. 0-0-0 e5 12. Qh4 Ke7 13. f4 h6 14. Bxf6+ gxf6 15. fxe5 dxe5 16. Rxd8 Bxd8 17. Bc4 Be6 18. Bxe6 fxe6 19. Qg4 1-0

[Event "FICGS theme 0001 email"]
[Site "FICGS email"]
[Date "2010.09.18"]
[Round "1"]
[White "Perevozchikov, Viacheslav"]
[Black "Simmelink, Joop Theo"]
[Result "1-0"]
[WhiteElo "2031"]
[BlackElo "2190"]
[PlyCount "31"]
[EventDate "2010.??.??"]
[EventType "swiss (corr)"]
[EventRounds "1"]
[SourceTitle "Corr 2013"]
[Source "ChessBase"]
[SourceDate "2012.11.12"]
[SourceVersion "1"]
[SourceVersionDate "2012.11.12"]
[SourceQuality "1"]

1. e4 e5 2. Nf3 Nc6 3. Bb5 Nf6 4. 0-0 Nxe4 5. d4 Nd6 6. Bxc6 dxc6 7. dxe5 Nf5 8. Qxd8+ Kxd8 9. Rd1+ Ke8 10. Nc3 Be6 11. Ng5 Rd8 12. Rxd8+ Kxd8 13. Nxe6+ fxe6 14. Bg5+ Be7 15. Rd1+ Kc8 16. Bxe7 1-0

[Event "FICGS theme 0001 email"]
[Site "FICGS email"]
[Date "2010.09.18"]
[Round "1"]
[White "Riha, Josef"]
[Black "Perevozchikov, Viacheslav"]
[Result "1/2-1/2"]
[WhiteElo "2034"]
[BlackElo "2031"]
[PlyCount "52"]
[EventDate "2010.??.??"]
[EventType "swiss (corr)"]
[EventRounds "1"]
[SourceTitle "Corr 2013"]
[Source "ChessBase"]
[SourceDate "2012.11.12"]
[SourceVersion "1"]
[SourceVersionDate "2012.11.12"]
[SourceQuality "1"]

1. e4 c5 2. Nf3 e6 3. d4 cxd4 4. Nxd4 Bc5 5. Nb3 Bb6 6. Nc3 Ne7 7. Bf4 d5 8. exd5 Nxd5 9. Nxd5 exd5 10. Bb5+ Nc6 11. 0-0 0-0 12. c3 Bf5 13. Qd2 Re8 14. Rae1 Be4 15. Be3 Re6 16. Nc5 Bxc5 17. Bxc5 Qa5 18. a4 a6 19. b4 Qc7 20. Bxc6 Qxc6 21. f3 Bg6 22. Rxe6 fxe6 23. a5 Re8 24. Rd1 Bf7 25. f4 Bg6 26. Bd4 Be4 1/2-1/2

[Event "LSS WC-2013-S-00010"]
[Site "LSS email"]
[Date "2010.07.20"]
[Round "?"]
[White "Szabo, Eleonora"]
[Black "Perevozchikov, Viacheslav"]
[Result "1/2-1/2"]
[WhiteElo "2354"]
[BlackElo "2057"]
[PlyCount "58"]
[EventDate "2010.07.25"]
[EventType "tourn (corr)"]
[EventRounds "10"]
[EventCountry "GER"]
[SourceTitle "Corr 2015"]
[Source "ChessBase"]
[SourceDate "2015.07.17"]
[SourceVersion "1"]
[SourceVersionDate "2015.07.17"]
[SourceQuality "1"]

1. d4 d5 2. c4 c6 3. Nc3 Nf6 4. Nf3 e6 5. e3 Nbd7 6. Qc2 Bd6 7. Bd3 0-0 8. 0-0 dxc4 9. Bxc4 a6 10. Bd3 c5 11. Bd2 cxd4 12. exd4 h6 13. Rfd1 b6 14. Ne4 Nxe4 15. Bxe4 Ra7 16. Qb3 Nf6 17. Bc2 Rc7 18. Rac1 Bb7 19. Ne5 Be4 20. Bxe4 Nxe4 21. Bf4 Nf6 22. h3 Nd5 23. Bd2 a5 24. Rxc7 Bxc7 25. Rc1 Bxe5 26. dxe5 Qb8 27. Qg3 Ne7 28. Qa3 Nf5 29. Bc3 Rd8 1/2-1/2

[Event "LSS WC-2013-S-00010"]
[Site "LSS email"]
[Date "2010.07.20"]
[Round "?"]
[White "Zlotkowski, Arkadiusz"]
[Black "Perevozchikov, Viacheslav"]
[Result "1/2-1/2"]
[WhiteElo "2198"]
[BlackElo "2057"]
[PlyCount "25"]
[EventDate "2010.07.25"]
[EventType "tourn (corr)"]
[EventRounds "10"]
[EventCountry "GER"]
[SourceTitle "Corr 2015"]
[Source "ChessBase"]
[SourceDate "2015.07.17"]
[SourceVersion "1"]
[SourceVersionDate "2015.07.17"]
[SourceQuality "1"]

1. c4 e5 2. e4 Nc6 3. Nc3 Nf6 4. d3 Bc5 5. Be2 0-0 6. Nf3 d6 7. 0-0 Nd4 8. Nxd4 Bxd4 9. Be3 c6 10. Qd2 a6 11. Bf3 Bxe3 12. Qxe3 Be6 13. Rfd1 1/2-1/2

[Event "FICGS W-ch st2 g05 email"]
[Site "FICGS email"]
[Date "2010.07.06"]
[Round "1"]
[White "Perevozchikov, Viacheslav"]
[Black "Carrizo, Jose Luis"]
[Result "1/2-1/2"]
[WhiteElo "2112"]
[BlackElo "2179"]
[PlyCount "62"]
[EventDate "2010.??.??"]
[EventType "tourn (corr)"]
[EventRounds "5"]
[SourceTitle "Corr 2013"]
[Source "ChessBase"]
[SourceDate "2012.11.12"]
[SourceVersion "1"]
[SourceVersionDate "2012.11.12"]
[SourceQuality "1"]

1. e4 e5 2. Nf3 Nc6 3. Bb5 a6 4. Ba4 Nf6 5. 0-0 Be7 6. Re1 b5 7. Bb3 d6 8. c3 0-0 9. h3 Na5 10. Bc2 c5 11. d4 Qc7 12. Nbd2 cxd4 13. cxd4 Nc6 14. Nb3 a5 15. Be3 a4 16. Nbd2 Bd7 17. Rc1 Qb7 18. Qe2 Rfe8 19. Bd3 Rab8 20. d5 Nb4 21. Bb1 Na6 22. a3 Rec8 23. Nf1 Bd8 24. Ng3 Bb6 25. Bd2 Nc5 26. Bb4 Rc7 27. Rc3 Qc8 28. Rec1 Qf8 29. Nh4 Rbc8 30. Bc2 g6 31. Qd2 h6 1/2-1/2

[Event "FICGS unrated 00000 email"]
[Site "FICGS email"]
[Date "2010.06.20"]
[Round "1"]
[White "Domingo Gadea, Jordi"]
[Black "Perevozchikov, Viacheslav"]
[Result "1/2-1/2"]
[WhiteElo "2067"]
[BlackElo "2031"]
[PlyCount "68"]
[EventDate "2010.??.??"]
[EventType "swiss (corr)"]
[EventRounds "1"]
[SourceTitle "Corr 2013"]
[Source "ChessBase"]
[SourceDate "2012.11.12"]
[SourceVersion "1"]
[SourceVersionDate "2012.11.12"]
[SourceQuality "1"]

1. g4 g5 2. h4 gxh4 3. d4 Bg7 4. e4 e6 5. Nc3 d5 6. Nf3 dxe4 7. Nxe4 Nc6 8. Be3 h6 9. Rxh4 Nf6 10. Nc5 Qd6 11. c3 b6 12. Nd3 Bb7 13. Qe2 Nd5 14. 0-0-0 Nxe3 15. fxe3 0-0-0 16. Rh5 Kb8 17. Kb1 Rhg8 18. e4 f6 19. Qe3 Ne7 20. Be2 Qc6 21. Nd2 Qd7 22. Re1 Rge8 23. Qg3 Ng6 24. Rf1 Rf8 25. Rh2 Qd6 26. Qxd6 Rxd6 27. Rhf2 Rdd8 28. Kc2 a5 29. Nf4 Nxf4 30. Rxf4 e5 31. dxe5 fxe5 32. Rf7 Rxf7 33. Rxf7 Bf8 34. Bd3 Bd6 1/2-1/2

[Event "LSS BI-2009-F-00002"]
[Site "LSS email"]
[Date "2010.02.15"]
[Round "?"]
[White "Oltean, Dorel"]
[Black "Perevozchikov, Viacheslav"]
[Result "1/2-1/2"]
[WhiteElo "2359"]
[BlackElo "1982"]
[PlyCount "61"]
[EventDate "2010.02.17"]
[EventType "tourn (corr)"]
[EventRounds "10"]
[EventCountry "GER"]
[SourceTitle "Telechess CBM 141"]
[Source "ChessBase"]
[SourceDate "2011.03.17"]
[SourceVersion "1"]
[SourceVersionDate "2011.03.17"]
[SourceQuality "1"]

1. d4 Nf6 2. c4 e5 3. dxe5 Ng4 4. Bf4 Nc6 5. Nf3 Bb4+ 6. Nc3 Qe7 7. Qd5 f6 8. exf6 Nxf6 9. Qd3 d6 10. e3 0-0 11. Be2 Ne4 12. 0-0 Bxc3 13. bxc3 Bf5 14. Qd5+ Rf7 15. Rac1 g5 16. Bg3 Nd8 17. Rfd1 c6 18. Qa5 Ne6 19. Qa3 Nxg3 20. hxg3 Nc5 21. Rd4 Raf8 22. g4 Bg6 23. Qxa7 h5 24. Rcd1 Ne4 25. gxh5 Bxh5 26. Qa5 Nxf2 27. Kxf2 c5 28. Rd5 Bxf3 29. gxf3 g4 30. e4 Rxf3+ 31. Bxf3 1/2-1/2